Quizzes
Events
Quiz Creation
Community
Videos
Private Events
Remove Ads
Sign In
Join for FREE
Feedback
Dark Mode
Quiz Categories
Sports
Geography
Music
Movies
Television
Just For Fun
Miscellaneous
History
Literature
Language
Science
Gaming
Entertainment
Religion
Holiday
For Kids
Quiz Lab
Recent
Popular Today
Quiz Kudos Today
Editor Picks
Curator Picks
Quizzes by...
Day
Popularity
Type
Ratings
Length
Year
Community
Subscriptions
Recent Discussions
Orange Saloon
Badges
Playlists
Quests
Create
Leaderboards
Showdown
Live 5
Trivia Bingo
Activity
Puzzle Library
Sporcle Events
Private Events
Virtual Trivia
Globe League
Become a Host
Pub Owners
SporcleCon
Opinionation
Our Games
Videos
Blog
Mobile Apps
Partnerships
Remove Ads and Go Orange
Feedback
Sports
Athletes
MLB
NBA
NHL
NFL
Soccer
Sports Teams
WWE
NCAA
Football
Premier League
Basketball
Baseball
Hockey
Golf
Tennis
Cricket
Rugby
Auto Racing
Olympics
World Cup
Sports
Athletes
MLB
NBA
NHL
NFL
Soccer
Sports Teams
WWE
NCAA
Football
Premier League
Basketball
Baseball
Hockey
Golf
Tennis
Cricket
Rugby
Auto Racing
Olympics
World Cup
Random Quiz
Search Sporcle
×
Quiz Lab
Quiz Lab
Sports
NFL
Type in answers that appear in a list
Type in answers that appear in a list
Classic
Best Score? Go Orange.
NFL Mascots Stats
Can you name the NFL Mascots?
By
kola64
7m
27 Questions
67 Plays
67 Plays
67 Plays
Comments
Comments
Give Quiz Kudos
Give Quiz Kudos
-
- Ratings
hide this ad
Replay
Link that replays current quiz
Next Quiz
Link to next quiz in quiz playlist
You Got
0%
They Got
Avg Score
24%
Avg Friend Score
Upgrade to see
Score Distribution
Jump to the score distribution portion of the page
Score
0/27
Timer
07:00
0
Plays Today
Team
Mascot
% Correct
New England Patriots
Pat the Patriot
46.3%
Baltimore Ravens
Edgar, Allan, and Poe
41.8%
Philadelphia Eagles
Swoop
35.8%
Carolina Panthers
Sir Purr
34.3%
Arizona Cardinals
Big Red
29.9%
Cincinnati Bengals
Who Dey
29.9%
Cleveland Browns
Trapper, TD, CD, and Chomps
29.9%
Denver Broncos
Miles
29.9%
Buffalo Bills
Billy the Buffalo
28.4%
Dallas Cowboys
Rowdy
28.4%
Miami Dolphins
T.D.
28.4%
Indianapolis Colts
Blue
26.9%
Chicago Bears
Staley Da Bear
25.4%
San Francisco 49ers
Sourdough Sam
25.4%
Team
Mascot
% Correct
Atlanta Falcons
Freddie Falcon
23.9%
Pittsburgh Steelers
Steely McBeam
23.9%
San Diego Chargers
Boltman
22.4%
Kansas City Chiefs
K.C. Wolf
22.4%
New Orleans Saints
Gumbo
22.4%
Jacksonville Jaguars
Jaxson De Ville
20.9%
Detroit Lions
Roary the Lion
19.4%
Seattle Seahawks
Blitz
19.4%
Tampa Bay Buccaneers
Captain Fear
17.9%
Minnesota Vikings
Viktor the Viking
13.4%
Washington Redskins
Chief Zee
11.9%
Houston Texans
Toro the Bull
10.4%
Tennessee Titans
T-Rac the Racoon
6%
Quiz Playlist
Details
Report
Send in Message
Add To Playlist
Classic:
Type in answers that appear in a list
Last Updated: Feb 16, 2017
Quiz Scoreboard
CHALLENGE
Sign Up to Join the Scoreboard
Show All
Scores
Hide
Comments
May contain spoilers
Recently Published
An Introduction to Baseball
by treessimontrees
Sports
5m
Movies - When Are They Set?
by FPL_Elf
Movies
5m
Popular People in 1961
by mucciniale
History
6m
More to Explore
Quiz From the Vault
Featured Blog Post
Where Did the Easter Bunny Come From?
hide this ad
You Might Also Like...
Tags
NFL Quiz
mascot
team
Today's Top Quizzes in Sports
Browse Sports
hide this ad
Today's Top Quizzes in NFL
Browse NFL
Top Contributed Quizzes in Sports
1
Les meilleurs buteurs des matchs entre le PSG et l’OM
2
2022 World Cup Stars
3
FIFA Club World Cup Champions
4
Les entraîneurs de l'OM et du PSG au 21e siècle
5
Name the Premier League winners with different clubs
6
La finale Lions - Afrique du Sud 2021
7
Les joueurs passés par le LOSC et le RC Lens
8
Criteria MLB: Left Handed Sluggers
9
Players with Multiple 50 Home Run Seasons
10
5-to-1: UK Sports Teams
Explore More
Trending Topics
Disney
Anime
Kpop
Crossword
NBA
Marvel
Harry Potter
NFL
The Office
WWE
Song
Soccer
Puzzle
Country
Pokémon
hide this ad
More By:
kola64
Quiz
Plays
Rating
Category
Featured
Created
NFL Starting QBs (Baltimore Ravens)
54,782
4.31
Sports
Nov 6, 2009
Baltimore Ravens Pro Bowlers
859
5.00
Sports
Nov 6, 2009
Baltimore Ravens First Round Draft Picks
410
5.00
Sports
Nov 6, 2009
Baltimore Colts Hall of Famers
328
5.00
Sports
Nov 6, 2009
Baltimore Colts Coaches
99
3.00
Sports
Nov 6, 2009
Go to Creator's Profile
Score Distribution
Quiz Creator Spotlight
kola64
Follow
Send a Message
Quizzes Created
-
Created Quiz Play Count
-
More By This Creator
Popular Quizzes Today
1
Find the Countries of Europe - No Outlines Minefield
2
Find the US States - No Outlines Minefield
3
The Countries of the World
4
Popular People in 1961
5
US States
6
Find the US States
7
1-10 Letter E Words III
8
Risky Map Clicking: Biggest States A-Z
More Sports Quizzes
Pakistan Cricket Quiz
Quiz Lab
Trending Quizzes
Risky Map Clicking: Least Populous States A-Z
1-10 Letter F Words
1-10 Letter G Words
One Thing in Common: United Kingdom
Not Quite an Element Typing Challenge
Recently Updated
Leaping Animals
pecheneg
Reality TV Shows (A-Z)
bhenderson79
Rickey Henderson's Hall of Fame Teammates
pecheneg
Champions League XIs: Arsenal
pecheneg
Quick Pick: Celebrities in WWE's Hall of Fame
aduchscher
A-Z Keypad Blitz II
pecheneg
Multiple Oscar Actors
pecheneg
Mystery Phrase Blitz: Oscar 'Best Actors'
pecheneg
F. Scott Fitzgerald Novels
LTH
Pick 3 Villains
ddd62291
Trending Topics
Marvel
Crossword
Kpop
NBA
Anime
Disney
Harry Potter
WWE
Country
Puzzle
NFL
The Office
Song
Pokémon
Soccer
Your Account Isn't Verified!
In order to create a playlist on Sporcle, you need to verify the email address you used during registration. Go to your
Sporcle Settings
to finish the process.
Report this User
Report this user for behavior that violates our
Community Guidelines
.
Details:
Send Report
Go to the Sporcle.com Mobile Site →
Comments